| 000 | 01033nam a22002417a 4500 | ||
|---|---|---|---|
| 999 |
_c1014 _d1014 |
||
| 003 | AR-CdUCM | ||
| 008 | 190226b ||||| |||| 00| 0 spa d | ||
| 040 |
_aMUNICIPALIDAD PROVINCIAL DEL CUSCO _cBIBLIOTECA MUNICIPAL DEL CUSCO |
||
| 082 |
_a940 / _bB45 |
||
| 100 |
_aBruun, Geoffrey _93947 |
||
| 245 |
_aLa Europa del siglo XIX : _b1815 - 1914 / |
||
| 260 |
_aMéxico : _bFondo de Cultura Económica ; _c1964. |
||
| 300 |
_a250 páginas _c17cm |
||
| 440 |
_aBreviarios / _n172. _93948 |
||
| 505 | _aReacción política y progreso económico (1815-30) -- Avances liberales y frustraciones románticas (1830-48) -- La penosa construcción de Naciones (1848-1867) -- Materialismo científico y Realpolitik (1867-1881) -- Los frutos del industrialismo y del imperialismo (1881-98) | ||
| 650 |
_amaterialismo científico _93949 |
||
| 650 |
_aindustrialismo _93950 |
||
| 650 |
_aimperialismo _93951 |
||
| 650 |
_apresiones sociales _93952 |
||
| 650 |
_aequilibrio de poder _93953 |
||
| 942 |
_2ddc _cLIBROS |
||
| 945 |
_anom _d2019-02-26 |
||